From canonical Fordism to different modes of development/

El texto parte de la hipótesis de que el estado nación sigue siendo una unidad de análisis relevante en un contexto en el cual hay un alto nivel de internacionalización, al mismo tiempo que dicho modelo desestabiliza muchos de los compromisos institucionales de cada país. Así, el autor propone un an...

Full description

Saved in:
Bibliographic Details
Main Author: Boyer, Robert
Format: Book
Language:Spanish
Published: New York Routledge 2001
Subjects:
Tags: Add Tag
No Tags, Be the first to tag this record!

MARC

LEADER 00000nam a22000007a 4500
003 cru IIS
005 20220623084454.0
008 220622b2001 nyu||||| |||| 00| 0 spa d
020 |a 0-415-23722-x 
040 |a cru IIS  |b spa  |c cru IIS 
090 |a 03.01.02 B796r 
100 1 |9 10482  |a Boyer, Robert 
245 1 |a From canonical Fordism to different modes of development/  |c Robert Boyer  
260 |a New York  |b Routledge  |c 2001 
300 |a 231-237 
520 |a El texto parte de la hipótesis de que el estado nación sigue siendo una unidad de análisis relevante en un contexto en el cual hay un alto nivel de internacionalización, al mismo tiempo que dicho modelo desestabiliza muchos de los compromisos institucionales de cada país. Así, el autor propone un análisis de la crisis del fordismo en la década de 1960 como regulación monopólica a la actualidad en donde se hace necesario un cuestionamiento a los modelos de crecimiento para comprender las alternativas que surgen a partir de dicha crisis. FGO 23/06/2022 
650 0 0 |0 TESAURO OCDE  |9 1650  |a TEORIA DEL DESARROLLO 
650 0 0 |0 TESAURO OCDE  |9 2520  |a CRISIS 
650 0 0 |0 TESAURO OCDE  |9 1650  |a TEORIA DEL DESARROLLO 
650 0 0 |0 TESAURO OCDE  |9 243  |a ESTADO 
650 0 0 |0 TESAURO OCDE  |9 4061  |a PENSAMIENTO ECONOMICO  
650 0 0 |0 TESAURO OCDE  |9 7981  |a INTERNACIONALIZACION 
773 0 |0 4516  |9 7359  |d London: Routledge   |o 06820  |t Régulation theory:   |w (cru IIS)43946  |z 0-415-23722-X  
942 |2 ddc  |c LI 
999 |c 44319  |d 44319